| 000 | 01775nkm a2200361 c 4500 | ||
|---|---|---|---|
| 003 | BLK | ||
| 005 | 20180421002020.0 | ||
| 008 | 180412b bul rap|r|||| r0| ||bulo| | ||
| 010 | _aKNG00162378000 | ||
| 040 | _aBLK | ||
| 041 |
_aRUS _cRUS _hFRE |
||
| 080 |
_aСкулптура. Общи въпроси _b730 _x _z730 |
||
| 080 |
_aМузеи. Сбирки. Галерии. Постоянни изложби. Музеология Лит. върху спец.(отраслеви) музеи се класиф. в съответните отдели със съотношение, също и в 069.02 _b069 _x:730 _z069:730 |
||
| 700 | 1 |
_aЗарецкая, Зинаида Владимировна _eсостав. _969099 |
|
| 700 | 1 |
_aКосарева, Нина Константиновна _eсостав. _982655 |
|
| 139 |
_aЗарецкая, Зинаида Владимировна и др. _bЗ 34 |
||
| 245 | 1 | 0 |
_aЗападноевропейская скульптура в Эрмитаже _cсостав. Зинаида Владимировна Зарецкая; состав. Нина Константиновна Косарева. |
| 246 | 1 | 1 | _aLa sculpture de l'Europe occidentale a l'Ermitage |
| 257 | _aSUN | ||
| 260 |
_аЛенинград _bАврора _c1975 |
||
| 300 |
_a40 с., 176 с. _bс ил. _c28 см |
||
| 380 | _a7 | ||
| 500 | _aСписък на репрод. | ||
| 650 | 4 |
_aСкулптура _9171073 |
|
| 653 | _aскулптура | ||
| 653 | _aЗападна Европа | ||
| 653 | _aЕрмитаж | ||
| 852 | _aЦб Гр А ІІ 2186 | ||
| 856 | 4 |
_qpdf _u |
|
| 856 | 4 |
_qpdf _u |
|
| 942 |
_cGRA _n0 |
||
| 944 |
_aCR _c19.06.2014 _l19.06.2014 - от С1,Р / 19.06.2014 _kКамелия_Данева |
||
| 944 |
_aED _c19.06.2014 _l19.06.2014 - от С1,Р / 19.06.2014 _k |
||
| 999 |
_c210125 _d210125 |
||